<?xml version="1.0" encoding="UTF-8"?><?xml-stylesheet type="text/xsl" href="static/style.xsl"?><OAI-PMH xmlns="http://www.openarchives.org/OAI/2.0/" xmlns:xsi="http://www.w3.org/2001/XMLSchema-instance" xsi:schemaLocation="http://www.openarchives.org/OAI/2.0/ http://www.openarchives.org/OAI/2.0/OAI-PMH.xsd"><responseDate>2026-04-26T23:37:00Z</responseDate><request verb="GetRecord" identifier="oai:repisalud.isciii.es:20.500.12105/14488" metadataPrefix="marc">https://repisalud.isciii.es/rest/oai/request</request><GetRecord><record><header><identifier>oai:repisalud.isciii.es:20.500.12105/14488</identifier><datestamp>2025-04-10T08:49:01Z</datestamp><setSpec>com_20.500.12105_2052</setSpec><setSpec>com_20.500.12105_2051</setSpec><setSpec>col_20.500.12105_19612</setSpec></header><metadata><record xmlns="http://www.loc.gov/MARC21/slim" xmlns:dcterms="http://purl.org/dc/terms/" xmlns:doc="http://www.lyncode.com/xoai" xmlns:xsi="http://www.w3.org/2001/XMLSchema-instance" xsi:schemaLocation="http://www.loc.gov/MARC21/slim http://www.loc.gov/standards/marcxml/schema/MARC21slim.xsd">
   <leader>00925njm 22002777a 4500</leader>
   <datafield ind2=" " ind1=" " tag="042">
      <subfield code="a">dc</subfield>
   </datafield>
   <datafield ind2=" " ind1=" " tag="720">
      <subfield code="a">Ramallo-Fariña, Yolanda</subfield>
      <subfield code="e">author</subfield>
   </datafield>
   <datafield ind2=" " ind1=" " tag="720">
      <subfield code="a">Rivero-Santana, Amado</subfield>
      <subfield code="e">author</subfield>
   </datafield>
   <datafield ind2=" " ind1=" " tag="720">
      <subfield code="a">García-Pérez, Lidia</subfield>
      <subfield code="e">author</subfield>
   </datafield>
   <datafield ind2=" " ind1=" " tag="720">
      <subfield code="a">García-Bello, Miguel Angel</subfield>
      <subfield code="e">author</subfield>
   </datafield>
   <datafield ind2=" " ind1=" " tag="720">
      <subfield code="a">Wägner, Ana Maria</subfield>
      <subfield code="e">author</subfield>
   </datafield>
   <datafield ind2=" " ind1=" " tag="720">
      <subfield code="a">González-Pacheco, Himar</subfield>
      <subfield code="e">author</subfield>
   </datafield>
   <datafield ind2=" " ind1=" " tag="720">
      <subfield code="a">Rodríguez-Rodríguez, Leticia</subfield>
      <subfield code="e">author</subfield>
   </datafield>
   <datafield ind2=" " ind1=" " tag="720">
      <subfield code="a">Kaiser-Girardot, Sybille</subfield>
      <subfield code="e">author</subfield>
   </datafield>
   <datafield ind2=" " ind1=" " tag="720">
      <subfield code="a">Monzón-Monzón, Guillermo</subfield>
      <subfield code="e">author</subfield>
   </datafield>
   <datafield ind2=" " ind1=" " tag="720">
      <subfield code="a">Guerra-Marrero, Carolina</subfield>
      <subfield code="e">author</subfield>
   </datafield>
   <datafield ind2=" " ind1=" " tag="720">
      <subfield code="a">Daranas-Aguilar, Carmen</subfield>
      <subfield code="e">author</subfield>
   </datafield>
   <datafield ind2=" " ind1=" " tag="720">
      <subfield code="a">Roldán-Ruano, Margarita</subfield>
      <subfield code="e">author</subfield>
   </datafield>
   <datafield ind2=" " ind1=" " tag="720">
      <subfield code="a">Carmona, Montserrat</subfield>
      <subfield code="e">author</subfield>
   </datafield>
   <datafield ind2=" " ind1=" " tag="720">
      <subfield code="a">Serrano-Aguilar, Pedro</subfield>
      <subfield code="e">author</subfield>
   </datafield>
   <datafield ind2=" " ind1=" " tag="720">
      <subfield code="a">INDICA Team</subfield>
      <subfield code="e">author</subfield>
   </datafield>
   <datafield ind2=" " ind1=" " tag="260">
      <subfield code="c">2021-12-15</subfield>
   </datafield>
   <datafield ind2=" " ind1=" " tag="520">
      <subfield code="a">Objective: This study assesses the effectiveness of different interventions of knowledge transfer and behaviour modification to improve type 2 diabetes mellitus patients' (T2DM) reported outcomes measures (PROMs) in the long-term. Design: open, community-based pragmatic, multicentre, controlled trial with random allocation by clusters to usual care (UC) or to one of the three interventions. Participants: A total of 2334 patients with uncomplicated T2DM and 211 healthcare professionals were included of 32 primary care centres. Setting: Primary Care Centers in Canary Islands (Spain). Intervention: The intervention for patients (PTI) included an educational group programme, logs and a web-based platform for monitoring and automated short message service (SMS). The intervention for professionals (PFI) included an educational programme, a decision support tool embedded into the electronic clinical record and periodic feedback about patients' results. A third group received both PTI and PFI (combined intervention, CBI). Outcome measure: Cognitive-attitudinal, behavioural, affective and health-related quality of life (HQoL) variables. Results: Compared with UC at 24 months, the PTI group significantly improved knowledge (p=0.005), self-empowerment (p=0.002), adherence to dietary recommendations (p&lt;0.001) and distress (p=0.01). The PFI group improved at 24 months in distress (p=0.03) and at 12 months there were improvements in depression (p=0.003), anxiety (p=0.05), HQoL (p=0.005) and self-empowerment (p&lt;0.001). The CBI group improved at 24 months in self-empowerment (p=0.008) and adherence to dietary recommendations (p=0.004) and at 12 months in knowledge (p=0.008), depression (p=0.006), anxiety (p=0.003), distress (p=0.01), HQoL (p&lt;0.001) and neuropathic symptoms (p=0.02). Statistically significant improvements were also observed at 24 months in the proportion of patients who quit smoking for PTI and CBI (41.5% in PTI and 42.3% in CBI vs 21.2% in the UC group). Conclusions: Assessed interventions to improve PROMs in T2DM attain effectiveness for knowledge, self-empowerment, distress, diet adherence and tobacco cessation. PTI produced the most lasting benefits. Trial registration number: ClinicalTrials.gov NCT01657227 (6 August 2012) https://clinicaltrials.gov/ct2/show/NCT01657227.</subfield>
   </datafield>
   <datafield ind1="8" ind2=" " tag="024">
      <subfield code="a">BMJ Open. 2021 Dec 15;11(12):e050804.</subfield>
   </datafield>
   <datafield ind1="8" ind2=" " tag="024">
      <subfield code="a">http://hdl.handle.net/20.500.12105/14488</subfield>
   </datafield>
   <datafield ind1="8" ind2=" " tag="024">
      <subfield code="a">34911711</subfield>
   </datafield>
   <datafield ind1="8" ind2=" " tag="024">
      <subfield code="a">10.1136/bmjopen-2021-050804</subfield>
   </datafield>
   <datafield ind1="8" ind2=" " tag="024">
      <subfield code="a">2044-6055</subfield>
   </datafield>
   <datafield ind1="8" ind2=" " tag="024">
      <subfield code="a">BMJ Open</subfield>
   </datafield>
   <datafield tag="653" ind2=" " ind1=" ">
      <subfield code="a">Diabetes &amp; endocrinology</subfield>
   </datafield>
   <datafield tag="653" ind2=" " ind1=" ">
      <subfield code="a">Health informatics</subfield>
   </datafield>
   <datafield tag="653" ind2=" " ind1=" ">
      <subfield code="a">Primary care</subfield>
   </datafield>
   <datafield tag="653" ind2=" " ind1=" ">
      <subfield code="a">Quality in health care</subfield>
   </datafield>
   <datafield ind2="0" ind1="0" tag="245">
      <subfield code="a">Patient-reported outcome measures for knowledge transfer and behaviour modification interventions in type 2 diabetes-the INDICA study: a multiarm cluster randomised controlled trial</subfield>
   </datafield>
</record></metadata></record></GetRecord></OAI-PMH>